Ländergrenzen Österreich - Statistiken

Allgemein
  • Dieses Quiz wurde 279 mal gespielt
  • Das Durchschnittsergebnis liegt bei 8 aus 8
Antwortstatistiken
Length (km) Land % Korrekt
784 Deutschland
100%
164 Schweiz
100%
430 Italien
99%
362 Tschechien
97%
366 Ungarn
97%
35 Liechtenstein
96%
330 Slowenien
96%
91 Slowakei
94%
Keine übereinstimmenden Quizze gefunden
Verteilung der Resultate
Anzahl Personen mit jedem Resultat
Perzentil nach korrekt beantworteten Fragen
Ihre Resultats-Entwicklung
Sie haben dieses Quiz noch nicht gespielt